التنبؤ بالغيب : (Record no. 6727)
[ view plain ]
| 000 -الفاتح | |
|---|---|
| حقل البيانات ثابتة الطول | 00573nac a22001451u 4500 |
| 008 - عناصر البيانات ثابتة الطول - معلومات عامة | |
| حقل البيانات ثابتة الطول | 080827s1945Ua|||||r|||| 000 0 ara d |
| 082 ## - رقم تصنيف ديوى العشرى | |
| رقم التصنيف | 243 |
| رقم المادة | ط و ي |
| 110 ## - المدخل الرئيسى - إسم هيئة | |
| اسم الهيئة أو اسم السلطة كمدخل | Al Gameya Al Falsafeya Al Masreya |
| 9 (RLIN) | 17192 |
| 245 ## - بيان العنوان | |
| العنوان | التنبؤ بالغيب : |
| بقية العنوان | عند مفكرى الإسلام/ |
| بيان المسئوليه,etc | توفيق الطويل |
| 260 ## - PUBLICATION, DISTRIBUTION, ETC. (IMPRINT) | |
| مكان الناشر او الموزع | [القاهرة]: |
| اسم الناشر او الموزع | دار احياء الكتب العربية،1945 |
| تاريخ النشر أو التوزيع | 1945. |
| 300 ## - الوصف المادى | |
| التعداد | 174 ص؛ |
| أبعاد الوعاء | 24 سم |
| 490 ## - بيان السلسلة | |
| -- | 17193 |
| عنوان السلسلة | الجمعية الفلسفية المصرية |
| 541 ## - تبصرة المصدر المباشر للتزويد | |
| مصدر التزويد | الف باء |
| طريقة التزويد | شراء |
| 942 ## - عناصر المدخل الإضافي( كوها) | |
| Koha [default] item type | Book - Borrowing |
| سابقة رقم الطلب | 243 ط و ي |
| مصدر التصنيف او مخطط الترفيف | Dewey Decimal Classification |
| حالة التراجع | حالة الفقد | مصدر التصنيف او خطة الترفيف | حالة تلف | ليس للاعارة | مجموعات كوها | المكان الدائم | المكان الحالي | موقع الترفيف | تاريخ الاكتساب | Source of acquisition | رقم الاستدعاء | الباركود | Date last seen | نوع الوعاء |
|---|---|---|---|---|---|---|---|---|---|---|---|---|---|---|
| Dewey Decimal Classification | Alef-Baa | Central Library | Central Library | Lower Floor | 08/08/2010 | 243 ط و ي | 000008380 | 15/07/2025 | Book - Borrowing |